Capitalism and cultural diversity

Akademický diskurz o vplyve kultúry v subjektívnom chápaní, ako systéme hodnôt, vedomostí, orientácií, presvedčení o formovaní a podpore kapitalistického modelu a ekonomického rozvoja.

Uložené v:
Podrobná bibliografia
Hlavný autor: Zubro, Tetyana, 1975-
Médium: Kapitola
Jazyk:English
Predmet:
Tagy: Pridať tag
Žiadne tagy, Buďte prvý, kto otaguje tento záznam!

MARC

LEADER 00000naa$a2200000$$$4500
001 0298545
005 20240502074527.0
041 0 |a eng 
044 |a SK 
245 1 0 |a Capitalism and cultural diversity  |c Tetyana Zubro 
520 |a Akademický diskurz o vplyve kultúry v subjektívnom chápaní, ako systéme hodnôt, vedomostí, orientácií, presvedčení o formovaní a podpore kapitalistického modelu a ekonomického rozvoja. 
610 2 0 |a kultúra 
610 2 0 |a kapitalizmus 
610 2 0 |a rozvoj hospodársky 
610 2 0 |a hodnota 
610 2 0 |a postoje 
610 2 0 |a vedomosti 
610 2 0 |a diskusia 
100 1 |a Zubro, Tetyana, 1975-